Návrh zlepšenia systému manažmentu ľudských zdrojov v podniku McCarter a.s., Bratislava

Gespeichert in:
Bibliographische Detailangaben
1. Verfasser: Fördös, Zsolt, 1990- (Verfasst von)
Weitere Verfasser: Baran, Dušan, 1954- (Betreuung Doktorarbeit)
Format: Manuskript Buch
Sprache:Slowakisch
Veröffentlicht: Trnava : STU v Bratislave MTF UPMK, 2014
Schlagworte:
Online-Zugang:VAIS
Tags: Tag hinzufügen
Keine Tags, Fügen Sie das erste Tag hinzu!

MARC

LEADER 00000ntm a22000003a 4500
001 stu293233
005 20150617230318.2
008 140708s2014----xo------------------slo-d
040 |a STU  |b slo 
041 0 |a slo 
044 |a xo 
100 1 |a Fördös, Zsolt,  |d 1990-  |4 aut  |u M  |T MTF Materiálovotechnologická fakulta  |X 9077  |U M  |Y 60  |7 A000009077 
242 0 0 |a Proposal for improving the system of human resource management in the enterprise McCarter a.s., Bratislava  |y eng 
245 1 |a Návrh zlepšenia systému manažmentu ľudských zdrojov v podniku McCarter a.s., Bratislava 
260 |a Trnava :  |b STU v Bratislave MTF UPMK,  |c 2014 
300 |a 62s  |c CD 
650 7 |a priemyselné manažérstvo  |2 stusub 
650 7 |a Industrial Management  |2 estusub 
650 7 |a human resources  |2 estusub 
650 7 |a ekonomika  |2 stusub 
650 7 |a manažment  |2 stusub 
700 1 |a Baran, Dušan,  |d 1954-  |4 ths  |u M4000  |U MTF Materiálovotechnologická fakulta  |T MTF Ústav priemyselného inžinierstva a manažmentu  |X 1021  |U M4000  |Y 84  |7 A000001021 
856 4 |a info a plný text  |u http://is.stuba.sk/zp/portal_zp.pl?podrobnosti=89036  |3 VAIS 
996 |c M*BP-6953  |l MMSKP  |s P  |a 0  |w stu293233_0001